Artículos de los conciertos que se hicieron entre el señor Duque de San Germán, Gobernador de las armas del ejército de Extremadura y el Maestro de Campo, Manuel de Saldaña, gobernador de la Plaza de Olivancia.

Detalles Bibliográficos
Formato: Libro
Publicado: s.l., 1657
Materias:
Colección:Banco de datos
Acervo:Biblioteca Palafoxiana. Colección de Manuscritos
Descripción Física:6 f. ; 22 x 16 cm.
Tema general:Civil
LEADER 00513nam a22001330004500
035 |a 1224 
245 1 0 |a Artículos de los conciertos que se hicieron entre el señor Duque de San Germán, Gobernador de las armas del ejército de Extremadura y el Maestro de Campo, Manuel de Saldaña, gobernador de la Plaza de Olivancia. 
260 |a s.l., 1657 
300 |a 6 f. ; 22 x 16 cm. 
650 1 0 |a Civil 
949 |a 32205/001 
942 |c PALAMANU 
943 |g Biblioteca Palafoxiana. Colección de Manuscritos 
999 |c 1069169  |d 1069169